• 首页
  • 本馆介绍
  • 公告通知
  • 最新文献
  • 馆藏检索
  • 电子资源
  • 读者导购
  • 参考咨询
  • 我的图书馆
  • 登录
  • 详细信息显示
  • 放入我的书架
  • 预约/预借图书
  • 作者相关作品
  • 分类相关作品
  • 丛书相关作品
  • 出版社相关作品

书目信息

  • 表格格式
  • 工作单格式
  • 卡片格式
题名:
电影放映设备维修资料汇编
    
 
作者: ;广东省电影公司 著
分册:  
出版信息: 北京   中国电影出版社  1981
页数: 447页
开本: 19cm
丛书名:
单 册:
中图分类: TB857
科图分类:
主题词: 电影放映机--设备--维修
电子资源:
ISBN:
000 00720nam0 2200229 45
001 0181000246
005 20060412155742.03
010    @dCNY3.50
091    @a15061.155
100    @a19950616d1981 kemy0chiy0121 ea
101 0  @achi
102    @aCN@b110000
105    @ay z 000yy
200 10 @a电影放映设备维修资料汇编@Adian ying fang ying she bei wei xiu zi liao hui bian@f广东省电影公司著@Fguang dong sheng dian ying gong si zhu
210    @a北京@c中国电影出版社@d1981
215    @a447页@d19cm
606    @a电影放映机@x设备@x维修
690    @aTB857@v4
711  0 @a广东省电影公司@Aguang dong sheng dian ying gong si@4著
801  0 @aCN@bTSSF@c20060412
801  2 @aCN@bNLC@c20060410
905    @a10447@dTB857@e20
    
    电影放映设备维修资料汇编/广东省电影公司著.-北京:中国电影出版社,1981
    447页;19cm
    
    
    ISBN :CNY3.50
    
●
相关链接 在E读中查询图书 在五车中查询图书 在当当中查询图书 在豆瓣中查询图书


正题名:电影放映设备维修资料汇编     索取号:TB857/20         预约/预借

序号 登录号 条形码 馆藏地/架位号 状态 备注
1 0050286   001359988   密集书库/ [索取号:TB857/20] 在馆    
2 0050287   001359997   密集书库/ [索取号:TB857/20] 在馆    
3 0050288   001359951   密集书库/ [索取号:TB857/20] 在馆    
唐山师范学院图书馆 欢迎您!
大连网信软件有限公司© 版权所有